Případ ztracené kočky /
Veselé postřehy ze současnosti, ve kterých si autor bere na mušku nejen své okolí, svou rodinu a přátele, ale i sám sebe, a činí tak ve stylu české humoristické klasiky.
Uloženo v:
| Hlavní autor: | |
|---|---|
| Médium: | E-kniha |
| Jazyk: | Czech |
| Vydáno: |
V Praze :
Jonathan Livingston,
2022
|
| Témata: | |
| Tagy: |
Žádné tagy |
| LEADER | 02105nam a2200373 i 4500 | ||
|---|---|---|---|
| 001 | 311782 | ||
| 003 | CZ PrSKC | ||
| 005 | 20260601215711.0 | ||
| 007 | ta | ||
| 008 | 220818s2022 xr g 000 j cze | ||
| 015 | |a cnb003442996 | ||
| 020 | |a 9788075512659 |q (brožováno) | ||
| 035 | |a (OCoLC)1347065188 | ||
| 040 | |a ABG001 |b cze |d ABA001 |e rda | ||
| 072 | 7 | |a 821.162.3-3 |x Česká próza |2 Konspekt | |
| 080 | |a 821.162.3-32 |2 MRF | ||
| 080 | |a (0:82-321.5) |2 MRF | ||
| 100 | 1 | |a Koštíř, Josef, |d 1974- |7 xx0275890 |4 aut | |
| 245 | 1 | 0 | |a Případ ztracené kočky / |c Josef Koštíř |
| 264 | 1 | |a V Praze : |b Jonathan Livingston, |c 2022 | |
| 300 | |a 175 stran ; |c 19 cm | ||
| 336 | |a text |b txt |2 rdacontent | ||
| 337 | |a bez média |b n |2 rdamedia | ||
| 338 | |a svazek |b nc |2 rdacarrier | ||
| 520 | 2 | |a Veselé postřehy ze současnosti, ve kterých si autor bere na mušku nejen své okolí, svou rodinu a přátele, ale i sám sebe, a činí tak ve stylu české humoristické klasiky. |b Být novinářem v zapomenutém městě vyžaduje velkou dávku fantazie, přeci jen není tak snadné dokola zajímavě popisovat, jak chcípnul pes. Náš hrdina však nemá o nápady nouzi, jinak by nemohl být krom novináře také spisovatelem, básníkem, hercem, učitelem a v neposlední řadě detektivem. A přes tvůrčí práci má dost času také na svéráznou rodinu a činorodé kamarády. Nakladatelská anotace. Kráceno. | |
| 655 | 7 | |a české povídky |7 fd133971 |2 czenas | |
| 655 | 7 | |a humoristické povídky |7 fd132428 |2 czenas | |
| 655 | 9 | |a Czech short stories |2 eczenas | |
| 655 | 9 | |a humorous short stories |2 eczenas | |
| 900 | |a ABA001 |b 19 | ||
| 044 | |a xr | ||
| 910 | |a RBIT002 | ||
| 998 | |d 364960 |a https://core.palmknihy.cz/api/books/364960/cover?rm68vi |b https://core.palmknihy.cz/api/books/364960/cover/400?rm68vi |c https://core.palmknihy.cz/api/books/364960/cover/50?rm68vi |e 2027-12-31 |g 180 |i 9788075512659 |j https://core.palmknihy.cz/api/books/364960/preview.epub |k https://core.palmknihy.cz/api/books/364960/preview.pdf |l |q 49 |r 1 |s https://www.palmknihy.cz/kniha/364960 |t ebook |y 2022 |z 0 | ||
| 999 | |d 311780 | ||